Эволюция эпического сравнения от гомеровского эпоса к римской эпической поэме (Вергилий, Овидий); Актуальные проблемы лингвистики, литературоведения и журналистики; Ч. 1: Лингвистика и литературоведение

Bibliografiske detaljer
Parent link:Актуальные проблемы лингвистики, литературоведения и журналистики: Материалы научно-методической конференции молодых ученых, 12-13апреля 2002 г., Томск/ Томский государственный университет.— , 2003-
Ч. 1: Лингвистика и литературоведение.— 2003.— С. 135-136
Hovedforfatter: Прокудина Л. Н.
Sprog:russisk
Udgivet: 2003
Format: MixedMaterials Book Chapter
KOHA link:https://koha.lib.tpu.ru/cgi-bin/koha/opac-detail.pl?biblionumber=316063

MARC

LEADER 00000naa2a2200000 4500
001 316063
005 20260202095020.0
035 |a (RuTPU)RU\TPU\book\341500 
035 |a RU\TPU\book\341496 
090 |a 316063 
100 |a 20160314d2003 k y0rusy50 ca 
101 0 |a rus 
102 |a RU 
200 1 |a Эволюция эпического сравнения от гомеровского эпоса к римской эпической поэме (Вергилий, Овидий)  |f Л. Н. Прокудина 
320 |a Библиогр.: с. 136 (2 назв.) 
461 1 |0 (RuTPU)RU\TPU\book\65664  |t Актуальные проблемы лингвистики, литературоведения и журналистики  |o Материалы научно-методической конференции молодых ученых, 12-13апреля 2002 г., Томск  |f Томский государственный университет  |d 2003- 
463 0 |0 (RuTPU)RU\TPU\book\65248  |t Ч. 1: Лингвистика и литературоведение  |v С. 135-136  |d 2003 
700 1 |a Прокудина  |b Л. Н. 
801 1 |a RU  |b 63413507  |c 20160130 
801 2 |a RU  |b 63413507  |c 20160314  |g RCR 
942 |c BK